00267nam a2200097Ia 4500008004100000041000800041100003200049245004800081260002100129999001900150241105s9999 xx 000 0 und d aeng aTakalikar Samrudhi.9184118 aLearning Resource Centre At Pune University bBNCA, Punec2019 c361962d361962